000 00296nam a22001217a 4500
040 _cHS
082 _a630
100 _aវុន វ៉ារី
245 _aផ្សព្វផ្សាយកសិកម្ម
260 _aRUA
_bវុន វ៉ារី
_cNA
300 _a14p;
942 _cKB
999 _c9303
_d9303